000 00247nam a2200097Ia 4500
001 1206912
005 20250827022815.0
008 250824s9999 xx 000 0 und d
245 0 _aELVEDA BALKANLAR
_cİSMAİL BİLGİN
260 _bTİMAŞ YAYINLARI
999 _c1206912
_d1206912